The Need for Ijitihad or intellectual reasoning (Record no. 40)
[ view plain ]
| 000 -LEADER | |
|---|---|
| fixed length control field | 005280000a22001810004500 |
| 005 - DATE AND TIME OF LATEST TRANSACTION | |
| control field | 20231108144210.0 |
| 008 - FIXED-LENGTH DATA ELEMENTS--GENERAL INFORMATION | |
| fixed length control field | 230817t2000 ||||| |||| 00| 0 eng d |
| 020 ## - ISBN | |
| ISBN | 9556250085 |
| 080 ## - UNIVERSAL DECIMAL CLASSIFICATION NUMBER | |
| Classification Number | 297.37 |
| Call Number | NEE |
| 942 ## - ADDED ENTRY ELEMENTS (KOHA) | |
| Item Type | Books |
| 245 ## - TITLE STATEMENT | |
| Title | The Need for Ijitihad or intellectual reasoning |
| 260 ## - PUBLICATION, DISTRIBUTION, ETC. (IMPRINT) | |
| Place of Publication | Colombo : |
| Name of Publisher | Muslim Women's research and action forum, |
| Date of Copyright | 2000 |
| 300 ## - PHYSICAL DESCRIPTION | |
| Extent | 87 p. ; 23 cm. |
| 490 ## - SERIES STATEMENT | |
| Series statement | Seminar series no. 2 |
| 650 ## - SUBJECT ADDED ENTRY--TOPICAL TERM | |
| Topical Term | Legislation (Islamic law) |
| 650 ## - SUBJECT ADDED ENTRY--TOPICAL TERM | |
| Topical Term | Law reform |
| 650 ## - SUBJECT ADDED ENTRY--TOPICAL TERM | |
| Topical Term | Ijtihād (Islamic law)-History |
| Withdrawn status | Lost status | Source of classification or shelving scheme | Damaged status | Not for loan | Collection code | Permanent location | Current location | Date acquired | Total Checkouts | Full call number | Barcode | Date last seen | Price effective from | Koha item type |
|---|---|---|---|---|---|---|---|---|---|---|---|---|---|---|
| Dewey Decimal Classification | RAFP | Resource center, Muslim Women's Research And Action Forum | Resource center, Muslim Women's Research And Action Forum | 2023-08-17 | 297.37 NEE | RAF1043 | 2023-08-17 | 2023-08-17 | Books | |||||
| RAFP | Resource center, Muslim Women's Research And Action Forum | Resource center, Muslim Women's Research And Action Forum | 2023-10-31 | 297.37 NEE | RAF2544 | 2023-10-31 | 2023-10-31 | Books | ||||||
| RAFP | Resource center, Muslim Women's Research And Action Forum | Resource center, Muslim Women's Research And Action Forum | 2023-10-31 | 297.37 NEE | RAF2545 | 2023-10-31 | 2023-10-31 | Books |

